00345nam a2200145Ia 4500003000400000008004100004040001600045082001300061100001300074245002300087260004200110300001000152650001500162650002200177GCL140319s9999 xx 000 0 eng d aGCL / cGCL04a843bV Z1 aVOLTAIRE10aZADIG / cVOLTAIRE a[S.N] : bLE LIVRE DE POCHE ، c1983 a536 P04aLITERATURE04aFRENCH LITERATURE